Chemistry high school lab equipment - Statistics

General Stats
  • This quiz has been taken 145 times
    106 since last reset
  • The average score is 9 of 41
Answer Stats
Picture Answer % Correct
test tube
82%
thermometer
72%
bunsen burner
62%
funnel
61%
test tube rack
51%
beaker
49%
erlenmeyer flask
41%
filter paper
39%
graduated cylinder
32%
burette
31%
crucible
30%
litmus paper
28%
spatula
28%
test tube holder
26%
watch glass
24%
tongs
22%
clay triangle
19%
test tube brush
19%
wash bottle
18%
magnetic stirrer
16%
stirring rod
15%
weighing boat
15%
ring stand
14%
striker
14%
triple beam balance
12%
wire guaze
12%
beaker tongs
11%
boiling stones
9%
Iron ring
9%
crucible tongs
7%
hot plate
7%
rubber stoppers
7%
florence flask
5%
spot plate
5%
tubing
5%
evaporator dish
4%
medicine dropper
4%
pipette and bulb
4%
rubber bulb
4%
utility clamp
4%
weighing paper
4%
No matching quizzes found
Score Distribution
Percent of People with Each Score
Percentile by Number Answered
Your Score History
You have not taken this quiz since the last reset